Monky loco [juego] /
Guardado en:
| Formato: | Objeto Físico |
|---|---|
| Publicado: |
Argentina :
Ditoys,
[200?]
|
| Materias: | |
| Etiquetas: |
Agregar Etiqueta
Sin Etiquetas, Sea el primero en etiquetar este registro!
|
| LEADER | 00692nrm a22001575g 4500 | ||
|---|---|---|---|
| 001 | CEM.cems019336 | ||
| 008 | 130507b200?##################0###0#####d | ||
| 005 | 20220830160643.0 | ||
| 003 | CEMS | ||
| 245 | 0 | 0 | |a Monky loco [juego] / |c Ditoys |
| 260 | |a Argentina : |b Ditoys, |c [200?] | ||
| 300 | |a 1 juego (30 monitos plásticos, 30 palitos plásticos, 1 base amarilla, 1 tronco encastrable, 1 copa de palmera, 1 dado en tres colores) ; en caja 36 x 27 x 10 cm. + manual de instrucciones. | ||
| 500 | |a Para 2 ó más jugadores a partir de 4 años objetivo: aquel que tenga menos minutos gana. | ||
| 082 | 0 | 4 | |a J793 |
| 653 | |a 1. juegos de habilidad manual | ||
| 859 | |a CEMS |b BIB. CEMS - Ludoteca |h J793 |i D365 |p 365.09 |t Ej.1 | ||
